Διαχείριση των υδατικών πόρων στην ευρύτερη λεκάνη απορροής του κόλπου της Καλλονής Λέσβου : ποσοτική ανάλυση : μεταπτυχιακή διατριβή
Αποθηκεύτηκε σε:
| Κύριος συγγραφέας: | |
|---|---|
| Συγγραφή απο Οργανισμό/Αρχή: | |
| Άλλοι συγγραφείς: | |
| Μορφή: | Thesis Βιβλίο |
| Γλώσσα: | Greek |
| Δημοσίευση: |
Μυτιλήνη :
Πανεπιστήμιο Αιγαίου, Σχολή Περιβάλλοντος, Τμήμα Περιβάλλοντος,
2006
|
| Θέματα: | |
| Ετικέτες: |
Προσθήκη ετικέτας
Δεν υπάρχουν, Καταχωρήστε ετικέτα πρώτοι!
|
MARC
| LEADER | 00000cam a2200000 i 4500 | ||
|---|---|---|---|
| 001 | 1/41643 | ||
| 008 | 070226s2006 gre d | ||
| 035 | |l 10087140 | ||
| 040 | |a GR-MY-UA |b gre |e aacr | ||
| 041 | 0 | |a gre | |
| 082 | 0 | |a 333.91 |2 (22) | |
| 100 | 1 | |a Ζκέρη, Ειρήνη. | |
| 245 | 1 | 0 | |a Διαχείριση των υδατικών πόρων στην ευρύτερη λεκάνη απορροής του κόλπου της Καλλονής Λέσβου : |b ποσοτική ανάλυση : μεταπτυχιακή διατριβή / |c Ζκέρη Ειρήνη ; επιβλέπων καθηγητής Γαγάνης Πέτρος |
| 260 | |a Μυτιλήνη : |b Πανεπιστήμιο Αιγαίου, Σχολή Περιβάλλοντος, Τμήμα Περιβάλλοντος, |c 2006 | ||
| 300 | |a 138 σ.; |b διαγρ., πίν., χάρτες; |c 30 εκ. | ||
| 502 | # | # | |a Διατριβή (μεταπτυχιακή) – Πανεπιστήμιο Αιγαίου, Λέσβος, 2006. |
| 504 | |a Βιβλιογραφία: σ. 129-130 | ||
| 650 | 0 | 0 | |a Water resources development |z Greece |z Kallone (Lesbos Island) |
| 650 | 0 | 0 | |a Water quality management |z Greece |z Kallone (Lesbos Island) |
| 650 | 0 | 0 | |a Dissertations, Academic |z Greece. |
| 700 | 1 | |a Γαγάνης, Πέτρος. |4 ths | |
| 710 | 2 | |a Πανεπιστήμιο Αιγαίου |b Σχολή Περιβάλλοντος |b Τμήμα Περιβάλλοντος |b Θεοφράστειο Πρόγραμμα Μεταπτυχιακών Σπουδών Περιβαλλοντική και Οικολογική Μηχανική. | |
| 852 | |a INST |b LESVOS |c DIATR |e 20070226 |h 75 |p 005100036503 |q 005100036503 |t MTXE |y 23 | ||
| 852 | |a INST |b LESVOS |c DIATR |e 20070226 |h 76 |p 005100036502 |q 005100036502 |t MTXE |y 23 | ||
| 901 | |a BIBL1-2007-1 | ||
| 909 | |a Λ |b 132367 | ||
| 909 | |a Λ |b 132368 | ||
| 924 | |a ΖΚΕΡΗ |b ΕΙΡΗΝΗ |y ΛΕΣΒΟΣ |z 2007-02 | ||
| 970 | |a ΒΑΡΚΑ |b ΕΛΕΥΘΕΡΙΑ |z 2007/02/26 | ||